[Event "75th Noteboom Open"]
[Site "Leiden NED"]
[Date "2015.02.13"]
[Round "1.1"]
[White "Jelica, Mara"]
[Black "Fridman, Daniel"]
[Result "0-1"]
[WhiteTitle "WIM"]
[BlackTitle "GM"]
[WhiteElo "2203"]
[BlackElo "2648"]
[WhiteFideId "14504111"]
[BlackFideId "11600454"]
[EventDate "2015.02.13"]

1. e4 c5 2. Nf3 Nc6 3. d4 cxd4 4. Nxd4 Qb6 5. Nb3 Nf6 6. Nc3 e6 7. Be3 Qc7 8.
Be2 Bb4 9. Nd2 Bxc3 10. bxc3 d5 11. O-O O-O 12. Bc5 Rd8 13. exd5 Nxd5 14. Bd3
Ne5 15. Ne4 Nxd3 16. Qxd3 f5 17. Ng5 Qxc5 18. c4 Qe7 19. cxd5 Qxg5 20. d6 Bd7 0-1

[Event "75th Noteboom Open"]
[Site "Leiden NED"]
[Date "2015.02.13"]
[Round "1.2"]
[White "Fedorchuk, Sergey A."]
[Black "De Niet, Gert-Michiel"]
[Result "1-0"]
[WhiteTitle "GM"]
[WhiteElo "2648"]
[BlackElo "2142"]
[WhiteFideId "14102536"]
[BlackFideId "1006100"]
[EventDate "2015.02.13"]

1. e4 c5 2. Nf3 e6 3. d4 cxd4 4. Nxd4 a6 5. Be2 Nf6 6. Nc3 Bb4 7. Qd3 d6 8. O-O
O-O 9. Nd1 Nbd7 10. c3 Ne5 11. Qc2 Bc5 12. Ne3 Qc7 13. Kh1 Bd7 14. Nb3 Ba7 15.
f4 Ng6 16. Bd3 Rac8 17. Bd2 b5 18. Rae1 Rfe8 19. Qd1 Bc6 20. Ng4 Nxg4 21. Qxg4
Rcd8 22. Qh5 Nf8 23. Nd4 Bb7 24. Qg4 f6 25. Be3 Bb6 26. Bc2 d5 27. e5 f5 28. Qd1
Nd7 29. g4 fxg4 30. Qxg4 Nf8 31. Rf3 Rd7 32. Rg1 Rf7 33. Rh3 g6 34. Bd3 Rg7 35.
Rhg3 Bc8 36. h4 Ree7 37. Qe2 Bd7 38. Kh2 Qd8 39. Nf3 Bxe3 40. Qxe3 Be8 41. Ng5
Kh8 42. Qd4 Rb7 43. R1g2 Qb6 44. Qb4 Kg8 45. Nh3 a5 46. Qb3 Qd8 47. Ng5 Qe7 48.
Rg4 h6 49. Nf3 h5 50. R4g3 Qc5 51. Nd4 b4 52. Qd1 bxc3 53. bxc3 Rbc7 54. Bc2 Qa3
55. c4 Qc5 56. cxd5 exd5 57. f5 gxf5 58. Nxf5 Rxg3 59. Rxg3+ Kh8 60. Bd3 Qc1 61.
Qxc1 Rxc1 62. Nh6 1-0

[Event "75th Noteboom Open"]
[Site "Leiden NED"]
[Date "2015.02.13"]
[Round "1.4"]
[White "Van Den Doel, Erik"]
[Black "Brink, Barry"]
[Result "1/2-1/2"]
[WhiteTitle "GM"]
[WhiteElo "2563"]
[BlackElo "2250"]
[WhiteFideId "1003720"]
[BlackFideId "1009451"]
[EventDate "2015.02.13"]

1. e4 c5 2. Nf3 e6 3. g3 Nc6 4. Bg2 Nf6 5. Qe2 d5 6. exd5 Nxd5 7. O-O Be7 8. Rd1
Qb6 9. c3 Bf6 10. d3 O-O 11. Bg5 Bd7 12. Bxf6 Nxf6 13. Na3 Rfd8 14. Nc4 Qc7 15.
a4 Be8 16. Nfd2 Rab8 17. f4 b6 18. Rf1 a6 19. f5 b5 20. axb5 axb5 21. Ne3 Qd6
22. Ne4 Nxe4 23. Bxe4 Ne5 24. f6 g6 25. Rad1 Bc6 26. Bxc6 Qxc6 27. Ng2 Qd6 28.
d4 Nc6 29. dxc5 Qxc5+ 30. Kh1 b4 31. c4 b3 32. Qe3 Qxe3 33. Nxe3 Ne5 34. Kg2 Nd3
35. Rb1 Rd4 36. Rfd1 Rbd8 37. Kf1 g5 38. Rd2 Nc5 39. Rxd4 Rxd4 40. Ra1 h6 41.
Ra5 Nd3 42. c5 Nxb2 43. c6 Nc4 44. c7 Nxe3+ 45. Ke2 Rc4 46. Ra8+ Kh7 47. c8=Q
Rxc8 48. Rxc8 Ng4 49. h3 Nxf6 50. Rb8 h5 51. Rxb3 Kg6 52. Kf3 Nd5 53. Rb8 Ne7
54. Rh8 Nf5 55. Rd8 h4 56. g4 Ne7 57. Re8 Nd5 58. Rg8+ Kf6 59. Kg2 Nf4+ 60. Kh2
Ng6 61. Kg2 Nf4+ 62. Kh2 Ng6 63. Kg2 Nf4+ 64. Kh2 Ke5 1/2-1/2

[Event "75th Noteboom Open"]
[Site "Leiden NED"]
[Date "2015.02.14"]
[Round "2.1"]
[White "Fridman, Daniel"]
[Black "Termeulen, Albert"]
[Result "1-0"]
[WhiteTitle "GM"]
[WhiteElo "2648"]
[BlackElo "2126"]
[WhiteFideId "11600454"]
[BlackFideId "1002686"]
[EventDate "2015.02.13"]

1. d4 Nf6 2. c4 g6 3. Nc3 Bg7 4. e4 d6 5. Be2 O-O 6. Bg5 Na6 7. Qd2 c5 8. d5 Nc7
9. Nf3 e6 10. O-O exd5 11. exd5 a6 12. a4 Nce8 13. h3 Qb6 14. Bd3 Bd7 15. Rfe1
h6 16. a5 Qb4 17. Bxh6 Bxh6 18. Qxh6 Qxb2 19. Rec1 Ng7 20. Ra2 Qb3 21. Qd2 b5
22. Rb1 bxc4 23. Rxb3 cxb3 24. Rb2 Rab8 25. Qf4 Bf5 26. Bxa6 Rfd8 27. g4 Rb4 28.
Qg5 1-0

[Event "75th Noteboom Open"]
[Site "Leiden NED"]
[Date "2015.02.14"]
[Round "2.2"]
[White "Meissner, Felix"]
[Black "Fedorchuk, Sergey A."]
[Result "0-1"]
[WhiteTitle "FM"]
[BlackTitle "GM"]
[WhiteElo "2248"]
[BlackElo "2648"]
[WhiteFideId "24671827"]
[BlackFideId "14102536"]
[EventDate "2015.02.13"]

1. e4 c5 2. Nf3 e6 3. g3 b6 4. Bg2 Bb7 5. Qe2 Nf6 6. e5 Nd5 7. Nc3 Nb4 8. d3 d5
9. exd6 Bxd6 10. a3 N4c6 11. O-O O-O 12. Re1 a6 13. Ne4 Be7 14. Bf4 Ra7 15. c3
Nd7 16. Rad1 Nf6 17. Nxf6+ Bxf6 18. Ne5 Nxe5 19. Bxe5 Bxe5 20. Qxe5 Bxg2 21.
Kxg2 Rd7 22. Qe4 h6 23. Rd2 Rd5 24. Red1 Qd7 25. Re1 Rd8 26. Re3 b5 27. f4 a5
28. Qf3 b4 29. axb4 axb4 30. Qe4 Qa4 31. Qc4 Qa8 32. Kg1 Qa1+ 33. Kg2 Rb8 34.
Re5 Rxe5 35. fxe5 Qe1 36. Qf4 g5 37. Qf2 Qxe5 38. d4 cxd4 39. Qxd4 Qxd4 40. cxd4
Rc8 41. Kf3 Kf8 42. h4 gxh4 43. gxh4 Rd8 44. Ke4 Rd5 45. Rc2 Rh5 46. Rh2 Ke7 47.
Kd3 Rf5 48. Kc4 Rf4 49. Kxb4 Kd6 50. Ka5 Rxd4 51. b4 Rd1 52. b5 Ra1+ 53. Kb6 e5
54. Rf2 Ke6 55. Rc2 e4 56. Kc7 f5 57. b6 f4 58. b7 Ra7 59. Rc6+ Kf5 60. Rxh6 f3
61. Rh8 e3 62. Rf8+ Ke5 0-1

[Event "75th Noteboom Open"]
[Site "Leiden NED"]
[Date "2015.02.14"]
[Round "2.3"]
[White "Ikonnikov, Vyacheslav"]
[Black "Becx, Cesar"]
[Result "1-0"]
[WhiteTitle "GM"]
[BlackTitle "FM"]
[WhiteElo "2561"]
[BlackElo "2193"]
[WhiteFideId "4100972"]
[BlackFideId "1001183"]
[EventDate "2015.02.13"]

1. d4 f5 2. Nf3 Nf6 3. g3 e6 4. Bg2 d5 5. O-O c6 6. c4 Bd6 7. Bf4 Bxf4 8. gxf4
dxc4 9. Ne5 Nd5 10. e3 O-O 11. Nxc4 Bd7 12. Qb3 b5 13. Ne5 a5 14. Qc2 Be8 15.
Nd2 Ra7 16. Bxd5 exd5 17. Kh1 Rf6 18. Rg1 Bh5 19. Rg5 g6 20. Rag1 Rg7 21. Nf1 h6
22. R5g2 Qe8 23. Ng3 Bg4 24. h3 Bxh3 25. Rh2 Bg4 26. f3 Bxf3+ 27. Nxf3 Qxe3 28.
Qg2 Rff7 29. Rxh6 Qxf4 30. Rh4 Rh7 31. Nh5 1-0

[Event "75th Noteboom Open"]
[Site "Leiden NED"]
[Date "2015.02.14"]
[Round "2.4"]
[White "Guliyev, Namig"]
[Black "Mollema, Thomas"]
[Result "1-0"]
[WhiteTitle "GM"]
[WhiteElo "2536"]
[BlackElo "2209"]
[WhiteFideId "13400363"]
[BlackFideId "1034987"]
[EventDate "2015.02.13"]

1. e4 e5 2. Nf3 Nc6 3. Bb5 a6 4. Ba4 Nf6 5. O-O Be7 6. Re1 b5 7. Bb3 d6 8. c3
O-O 9. d4 Bg4 10. d5 Na5 11. Bc2 c6 12. h3 Bc8 13. dxc6 Qc7 14. Nbd2 Qxc6 15.
Nf1 Nb7 16. Bg5 h6 17. Bxf6 Bxf6 18. Bb3 Be6 19. Ne3 Bxb3 20. axb3 Qxe4 21. Nd5
Qg6 22. Nc7 Rad8 23. Nxa6 e4 24. Nd4 Nc5 25. Nxb5 Nd3 26. Re3 Bh4 27. g3 Qf5 28.
Rxd3 exd3 29. Nd4 Qg6 30. Kg2 Bf6 31. Nf3 Ra8 32. Ra4 Qf5 33. Rf4 Qd7 34. Qxd3
Qb7 35. Nb4 Be5 36. Rc4 Rfc8 37. Re4 Rc5 38. Qe2 Bxc3 39. bxc3 Rxc3 40. Nd3 Rxb3
41. g4 Raa3 42. Nde1 Qd5 43. Re8+ Kh7 44. Qc2+ g6 45. Qe2 Kg7 46. Rd8 Qc6 47.
Qd1 Qe4 48. Rxd6 Rc3 49. Rd8 Rcb3 50. Rd4 Qa8 51. Qe2 Rc3 52. Qe5+ Kh7 53. Qf6
Ra7 54. Rd8 Qb7 55. Rh8# 1-0

[Event "75th Noteboom Open"]
[Site "Leiden NED"]
[Date "2015.02.14"]
[Round "3.2"]
[White "Fedorchuk, Sergey A."]
[Black "Beukema, Stefan"]
[Result "1-0"]
[WhiteTitle "GM"]
[BlackTitle "FM"]
[WhiteElo "2648"]
[BlackElo "2345"]
[WhiteFideId "14102536"]
[BlackFideId "1024523"]
[EventDate "2015.02.13"]

1. e4 e5 2. Nf3 Nc6 3. Bb5 a6 4. Ba4 Nf6 5. O-O Be7 6. d3 b5 7. Bb3 d6 8. a3 O-O
9. Nc3 Bg4 10. Be3 Nd4 11. Bxd4 exd4 12. Nb1 Qd7 13. Nbd2 c5 14. a4 d5 15. exd5
Qf5 16. h3 Bh5 17. Re1 Bd6 18. Kf1 Rae8 19. axb5 axb5 20. Ra5 Bf4 21. Ne4 c4 22.
Nxf6+ Qxf6 23. Rxe8 Rxe8 24. dxc4 Bc7 25. Ra1 Qf4 26. c5 Ba5 27. Qxd4 Re4 28.
Qd2 Re3 1-0

[Event "75th Noteboom Open"]
[Site "Leiden NED"]
[Date "2015.02.14"]
[Round "3.3"]
[White "Thakoerdien, Jerrel"]
[Black "Ikonnikov, Vyacheslav"]
[Result "*"]
[BlackTitle "GM"]
[WhiteElo "2148"]
[BlackElo "2561"]
[WhiteFideId "1037439"]
[BlackFideId "4100972"]
[EventDate "2015.02.13"]

1. d4 Nf6 2. Nf3 e6 3. c4 Bb4+ 4. Nbd2 O-O 5. a3 Be7 6. e4 d6 7. Bd3 Nbd7 8. O-O
e5 9. b4 Re8 10. Bb2 Bf8 11. d5 Nh5 12. g3 g6 13. Qc2 Ng7 14. Kg2 Nf6 15. c5
Nfh5 16. Rac1 f5 17. cxd6 cxd6 18. Qc7 Qf6 19. Nh4 Nf4+ 20. gxf4 Qxh4 21. Bb5
fxe4 22. Bxe8 Bh3+ 23. Kh1 Rxe8 24. Nxe4 Bxf1 25. Rxf1 Nh5 26. Ng5 Re7 27. Qxd6
Nxf4 28. Bxe5 Nd3 29. Bf6 Nxf2+ 30. Kg1 Qg4+ 31. Qg3 Re3 32. Qxg4 Nxg4 33. Bd4
Rd3 34. Bxa7 Rxd5 35. Ne4 Rd3 36. a4 Ra3 37. Nc5 Ne3 38. Rf3 Ra1+ 39. Kf2 Nd5
40. Rd3 Nxb4 41. Rb3 Nc6 42. Bb6 Nd4 43. Rd3 Ra2+ 44. Kg1 Nc6 45. Rd7 Ne5 46.
Rxb7 Nf3+ 47. Kf1 Nxh2+ 48. Kg1 Nf3+ 49. Kf1 Bxc5 50. Bxc5 Rxa4 51. Rb8+ Kg7 52.
Rb7+ Kh6 53. Be3+ g5 54. Kf2 Ne5 55. Bxg5+ Kxg5 56. Rxh7 Kf4 57. Rh8 Ra2+ 58.
Kf1 Kf3 59. Rf8+ Ke3 60. Re8 Ke4 61. Kg1 Kf4 62. Kf1 Nd3 63. Rf8+ Ke3 64. Re8+
Kf3 65. Rf8+ Nf4 66. Ke1 Rh2 67. Kd1 Ke3 68. Re8+ Kd4 69. Rd8+ Nd5 70. Ke1 Ke4
71. Re8+ Kd3 72. Rd8 Rh5 73. Kf2 Rf5+ 74. Ke1 Ke3 75. Re8+ Kd4 76. Rd8 Kd3 77.
Rd7 Ke3 78. Rd8 Nf6 79. Rd6 Ne4 80. Re6 Rc5 81. Kd1 Kd3 82. Re8 Nf2+ 83. Ke1 Rc2
84. Rd8+ Ke3 85. Re8+ Ne4 86. Kd1 Rc7 87. Re6 Kd3 88. Re8 Rd7 89. Ke1 Ke3 90.
Re6 Ra7 91. Kd1 Kd3 92. Kc1 Nc5 93. Rc6 Ra5 94. Rc8 Nb3+ 95. Kb2 Nd4 96. Rd8
Rb5+ 97. Kc1 Rb7 98. Rd6 Kc3 99. Rd8 Kd3 100. Rd6 Rb4 101. Rd8 Rc4+ 102. Kd1 Ra4
103. Kc1 Rc4+ 104. Kd1 Rc7 105. Rd6 Ra7 106. Kc1 Kc3 107. Kb1 Rh7 108. Rd8 Rh1+
109. Ka2 Rh2+ 110. Kb1 Rb2+ 111. Kc1 Rc2+ 112. Kb1 Rb2+ 113. Kc1 Rb7 114. Rc8+
Kd3 115. Rd8 Rb6 116. Rd7 Rb8 117. Rd6 Rh8 118. Rd7 Rh2 119. Rd8 Rg2 120. Rd7
Rh2 121. Rd8 Kc4 122. Rc8+ Kd3 123. Rd8 Rh7 124. Rd6 Kc3 125. Kb1 Rh1+ 126. Ka2
Rh2+ 127. Kb1 Rb2+ 128. Kc1 Rd2 129. Rb6 Rh2 130. Kb1 Rh1+ 131. Ka2 *

[Event "75th Noteboom Open"]
[Site "Leiden NED"]
[Date "2015.02.14"]
[Round "3.4"]
[White "Peng, Zhaoqin"]
[Black "Guliyev, Namig"]
[Result "1/2-1/2"]
[WhiteTitle "GM"]
[BlackTitle "GM"]
[WhiteElo "2377"]
[BlackElo "2536"]
[WhiteFideId "1004786"]
[BlackFideId "13400363"]
[EventDate "2015.02.13"]

1. d4 d5 2. c4 dxc4 3. Nf3 Nf6 4. e3 e6 5. Bxc4 a6 6. O-O b5 7. Be2 Bb7 8. Nbd2
Nbd7 9. a4 b4 10. a5 c5 11. Nc4 Qc7 12. Bd2 Be7 13. Qb3 Bd5 14. Rfc1 O-O 15. Qd1
Qb7 16. Qf1 Rfd8 17. Be1 g6 18. Nfe5 cxd4 19. exd4 Qa7 20. Rd1 Nxe5 21. Nxe5 Bb7
22. Bf3 Bxf3 23. Nxf3 Rac8 24. Rac1 Qb7 25. Bd2 Rxc1 26. Rxc1 Rd5 27. Rc4 Ne4
28. Bf4 Nd6 29. Rc2 g5 30. Qc1 gxf4 31. Rc7 Qb8 32. Rxe7 Qd8 33. Rc7 Rxa5 34. h3
Kg7 35. Qc6 Rd5 36. Rd7 Qb8 37. Qxa6 b3 38. Kh2 Qb4 39. Qc6 h6 40. Qa6 h5 41.
Qc6 Qb8 42. Qa6 Kg8 43. Qc6 Kf8 44. Qc1 Nc4 45. Rxd5 exd5 46. Qc3 f6 47. Qd3
Nxb2 48. Qh7 Qb5 49. Nh4 Ke8 50. Nf5 Qb4 51. Qg8+ Kd7 52. Qxd5+ Kc7 53. Qf7+ Kb6
54. Qxf6+ Ka5 55. Qd8+ Ka4 56. Qa8+ Qa5 57. Qc6+ Ka3 58. Nd6 Ka2 59. Nb5 Qb4 60.
Nc3+ Ka3 61. Nb1+ Ka2 62. Nc3+ Ka3 63. Nb1+ Ka2 64. Nc3+ Ka3 1/2-1/2

[Event "75th Noteboom Open"]
[Site "Leiden NED"]
[Date "2015.02.14"]
[Round "4.1"]
[White "Ikonnikov, Vyacheslav"]
[Black "Fedorchuk, Sergey A."]
[Result "1/2-1/2"]
[WhiteTitle "GM"]
[BlackTitle "GM"]
[WhiteElo "2561"]
[BlackElo "2648"]
[WhiteFideId "4100972"]
[BlackFideId "14102536"]
[EventDate "2015.02.13"]

1. d4 Nf6 2. Nf3 e6 3. c4 b6 4. g3 Bb4+ 5. Bd2 a5 6. Bg2 Bb7 7. O-O O-O 8. Bg5
Be7 9. Nc3 Ne4 10. Bxe7 Qxe7 11. Qc2 Nxc3 12. Qxc3 d6 13. Rfd1 Nd7 14. Ne1 Bxg2 1/2-1/2

[Event "75th Noteboom Open"]
[Site "Leiden NED"]
[Date "2015.02.14"]
[Round "4.2"]
[White "Miezis, Normunds"]
[Black "Sprenger, Jan Michael"]
[Result "1/2-1/2"]
[WhiteTitle "GM"]
[BlackTitle "IM"]
[WhiteElo "2498"]
[BlackElo "2496"]
[WhiteFideId "11600136"]
[BlackFideId "4646258"]
[EventDate "2015.02.13"]

1. c4 e6 2. e4 d5 3. exd5 exd5 4. d4 Nf6 5. Nc3 Be7 6. Nf3 O-O 7. Be2 Nc6 8. h3
Be6 9. cxd5 Nxd5 10. O-O Re8 11. Bb5 a6 12. Ba4 b5 13. Bc2 Qd7 14. Ne4 Rad8 15.
a3 Nf6 16. Be3 Nxe4 17. Bxe4 Bd5 18. Bxd5 Qxd5 19. Rc1 Bd6 20. Qc2 Ne7 21. Rfe1
a5 22. Bd2 b4 23. Qa4 Rb8 24. axb4 axb4 25. Bg5 f6 26. Bd2 Ra8 27. Qc2 Nf5 28.
Qd3 g6 29. Kf1 Kf7 30. Rxe8 Rxe8 31. Qc4 Qxc4+ 32. Rxc4 Rb8 33. Ke2 Ne7 34. Kd3
Nd5 35. Rc1 Ra8 36. Kc4 Ra5 37. Ne1 Ke6 38. Kb3 Kd7 39. Nc2 Ra8 40. Re1 h5 41.
Kc4 Nb6+ 42. Kb3 Nd5 43. h4 Rb8 44. g3 Ra8 45. Kc4 Nb6+ 46. Kb3 Nd5 47. Kc4 Nb6+
48. Kb3 1/2-1/2

[Event "75th Noteboom Open"]
[Site "Leiden NED"]
[Date "2015.02.14"]
[Round "4.3"]
[White "Soors, Stef"]
[Black "Van Der Werf, Mark"]
[Result "0-1"]
[WhiteTitle "IM"]
[BlackTitle "IM"]
[WhiteElo "2407"]
[BlackElo "2405"]
[WhiteFideId "209511"]
[BlackFideId "1000470"]
[EventDate "2015.02.13"]

1. e4 d6 2. d4 Nf6 3. Nc3 g6 4. Be3 a6 5. h4 h5 6. f3 b5 7. Qd2 Bg7 8. O-O-O c6
9. Kb1 Qc7 10. a3 O-O 11. Nh3 Bxh3 12. Rxh3 a5 13. e5 dxe5 14. dxe5 Qxe5 15. Bf4
Qf5 16. Bd3 Qc8 17. Bh6 b4 18. Na4 Nbd7 19. Bxg7 Kxg7 20. f4 c5 21. f5 c4 22.
Be2 c3 23. Qe3 cxb2 24. fxg6 fxg6 25. Rg3 bxa3 26. Rxd7 Qxd7 27. Nc5 Rab8 28.
Rxg6+ Kxg6 29. Bd3+ Kf7 30. Bc4+ Ke8 31. Nxd7 Nxd7 32. Qxa3 Rf4 33. Qg3 Rg4 34.
Qc3 Rxh4 35. Bb3 a4 36. Qh8+ Nf8 37. Qe5 Rbb4 38. g3 Rh1+ 39. Kxb2 axb3 40. Qa5
bxc2+ 41. Kxc2 Rbb1 42. Qa8+ Kf7 43. Qd5+ e6 44. Qf3+ Ke7 45. Qa3+ Kf7 46. Qf3+
Kg8 47. Qf6 Rbf1 48. Qg5+ Kf7 49. Qa5 Rf3 50. Kd2 Rh2+ 51. Ke1 Rb3 52. Qc7+ Kg8 0-1

[Event "75th Noteboom Open"]
[Site "Leiden NED"]
[Date "2015.02.14"]
[Round "4.4"]
[White "Guliyev, Namig"]
[Black "Cebula, Jerzy"]
[Result "1-0"]
[WhiteTitle "GM"]
[WhiteElo "2536"]
[BlackElo "1974"]
[WhiteFideId "13400363"]
[BlackFideId "1036742"]
[EventDate "2015.02.13"]

1. e4 e5 2. Nf3 Nc6 3. Bb5 a6 4. Ba4 Bc5 5. O-O Nf6 6. Bxc6 dxc6 7. d3 Qd6 8.
Nbd2 Be6 9. b3 O-O 10. Bb2 Nd7 11. Kh1 Ba3 12. Bxa3 Qxa3 13. Nh4 Qe7 14. g3 Bh3
15. Rg1 Qg5 16. Qe2 Rae8 17. Ndf3 Qh5 18. Qe3 Nf6 19. Rae1 Ng4 20. Qe2 g6 21.
Nd2 Kh8 22. f3 Nh6 23. Qf2 g5 24. Ng2 Bc8 25. Ne3 g4 26. fxg4 Bxg4 27. Ref1 Re6
28. Nxg4 Nxg4 29. Qe2 Qh3 30. Rf5 Rh6 31. Rg2 Rh5 32. Qf3 f6 33. Nc4 Rxf5 34.
Qxf5 Rg8 35. Ne3 Rg5 36. Qf3 Nxe3 37. Qxe3 Qg4 38. Rf2 Rg6 39. Qc5 Qe6 40. Qf8+
Qg8 41. Rxf6 Rxf6 42. Qxf6+ Qg7 43. Qd8+ Qg8 44. Qxc7 Qg5 45. Qc8+ Kg7 46. Qxb7+
Kg8 47. Qxc6 Qc1+ 48. Kg2 Qd2+ 49. Kh3 Qg5 50. Qc8+ 1-0

[Event "75th Noteboom Open"]
[Site "Leiden NED"]
[Date "2015.02.15"]
[Round "5.1"]
[White "Van Der Werf, Mark"]
[Black "Van der Togt, Twan"]
[Result "1-0"]
[WhiteTitle "IM"]
[WhiteElo "2405"]
[BlackElo "2097"]
[WhiteFideId "1000470"]
[BlackFideId "1043471"]
[EventDate "2015.02.13"]

1. Nf3 d5 2. c4 c6 3. e3 Nf6 4. Nc3 e6 5. b3 Nbd7 6. Qc2 Bd6 7. Bb2 O-O 8. Be2
Qe7 9. O-O b6 10. cxd5 exd5 11. Nd4 Bb7 12. Nf5 Qe6 13. Nxd6 Qxd6 14. d4 Rfe8
15. a4 a5 16. Ba3 Qe6 17. Bd3 Ba6 18. Bf5 1-0

[Event "75th Noteboom Open"]
[Site "Leiden NED"]
[Date "2015.02.15"]
[Round "5.2"]
[White "Sprenger, Jan Michael"]
[Black "Van Den Doel, Erik"]
[Result "1/2-1/2"]
[WhiteTitle "IM"]
[BlackTitle "GM"]
[WhiteElo "2496"]
[BlackElo "2563"]
[WhiteFideId "4646258"]
[BlackFideId "1003720"]
[EventDate "2015.02.13"]

1. e4 e5 2. Nf3 Nc6 3. Bb5 a6 4. Ba4 Nf6 5. O-O Be7 6. Re1 b5 7. Bb3 d6 8. c3
O-O 9. d4 Bg4 10. Be3 Bh5 11. Nbd2 Na5 12. dxe5 dxe5 13. Bc2 Ng4 14. Qe2 Nxe3
15. Qxe3 Bd6 16. b4 Nb7 17. Bb3 c6 18. Nf1 Qf6 19. N3d2 Bb8 20. c4 bxc4 21. Nxc4
Ba7 22. Qg3 Bd4 23. Rab1 a5 24. Nxa5 Nxa5 25. bxa5 Rxa5 26. Ne3 Bg6 27. Rbc1
Rfa8 28. Ng4 Qd6 29. Ne3 R5a6 30. Qf3 Qf6 31. Qxf6 gxf6 32. Nc2 Bc3 33. Re2 Rd8
34. Ne3 Bd4 35. Nf5 Bxf5 36. exf5 Kf8 37. g3 Ke7 38. Re4 c5 39. Kg2 1/2-1/2

[Event "75th Noteboom Open"]
[Site "Leiden NED"]
[Date "2015.02.15"]
[Round "5.3"]
[White "Fedorchuk, Sergey A."]
[Black "Miezis, Normunds"]
[Result "1/2-1/2"]
[WhiteTitle "GM"]
[BlackTitle "GM"]
[WhiteElo "2648"]
[BlackElo "2498"]
[WhiteFideId "14102536"]
[BlackFideId "11600136"]
[EventDate "2015.02.13"]

1. e4 c5 2. Nf3 e6 3. d4 cxd4 4. Nxd4 a6 5. Be2 d5 6. exd5 exd5 7. O-O Nf6 8.
Bf3 Be7 9. Nc3 O-O 10. Nde2 Be6 11. Nf4 Nc6 12. Ncxd5 Nxd5 13. Bxd5 Bf5 14. c3
Bd6 15. Be3 Qc7 16. g3 Rad8 17. Bg2 Qc8 18. Nd5 Bg4 19. Nb6 Qf5 20. Qd5 Be5 21.
Qe4 Qh5 22. Rfe1 Bf5 23. Qa4 Rd6 24. Rad1 Rxd1 25. Qxd1 Bg4 26. Qa4 Rd8 27. Bf4
Bf3 28. Bxf3 Qxf3 29. Qe4 Qxe4 30. Rxe4 Bxf4 31. Rxf4 Rd2 32. Nc4 Rd1+ 33. Kg2
b5 34. Re4 Kf8 35. Nb6 Rd2 36. a4 f6 37. b4 Kf7 38. a5 Ne5 39. c4 Nd3 40. cxb5
axb5 41. Kf3 Rb2 42. Nd5 Ne5+ 43. Ke3 Nc6 44. g4 g5 45. h3 h6 46. f4 Rh2 47.
fxg5 hxg5 48. Nc7 Rxh3+ 49. Kd2 Rh2+ 50. Kc3 Rh3+ 51. Kd2 Rh2+ 52. Ke3 Rh3+ 53.
Kf2 Rb3 54. a6 Ra3 55. Ke2 Ra4 56. Ke3 Nxb4 57. Rxb4 Rxb4 58. a7 Ra4 59. a8=Q
Rxa8 60. Nxa8 b4 61. Nb6 b3 62. Nc4 f5 63. gxf5 Kf6 64. Ke4 g4 65. Kf4 g3 66.
Kxg3 Kxf5 67. Kf3 1/2-1/2

[Event "75th Noteboom Open"]
[Site "Leiden NED"]
[Date "2015.02.15"]
[Round "6.1"]
[White "Guliyev, Namig"]
[Black "Van Der Werf, Mark"]
[Result "1-0"]
[WhiteTitle "GM"]
[BlackTitle "IM"]
[WhiteElo "2536"]
[BlackElo "2405"]
[WhiteFideId "13400363"]
[BlackFideId "1000470"]
[EventDate "2015.02.13"]

1. e4 d6 2. d4 Nf6 3. Nc3 g6 4. Nf3 Bg7 5. Be2 O-O 6. O-O c6 7. a4 Qc7 8. Be3
Nbd7 9. Nd2 e5 10. d5 cxd5 11. exd5 a6 12. a5 b5 13. axb6 Nxb6 14. Bxb6 Qxb6 15.
Nc4 Qc7 16. Ra5 Bg4 17. b3 Bf5 18. Qd2 e4 19. Rfa1 Bc8 20. R1a2 Bb7 21. Nd1 Rfe8
22. Nde3 Rab8 23. Qb4 Red8 24. Qa3 Ne8 25. Ra4 Nf6 26. Ra5 Ne8 27. b4 f5 28. g3
h5 29. Nd2 Qc3 30. Ndf1 Nc7 31. Nd1 Qxa3 32. R2xa3 Bc8 33. c3 Nb5 34. Rb3 Rd7
35. Nfe3 Rc7 36. Bxb5 axb5 37. h4 Bd7 38. Rba3 Rbc8 39. Ra7 Be8 40. Rxc7 Rxc7
41. Ng2 Kf7 42. Nf4 Bd7 43. Kf1 Bf6 44. Ke2 Bg7 45. Kd2 Bf6 46. Ne3 Be5 47. Nh3
Kf6 48. Ng2 Be8 49. Nhf4 Bf7 50. Ne3 g5 51. hxg5+ Kxg5 52. Ne2 f4 53. gxf4+ Bxf4
54. Nxf4 Kxf4 55. Ra1 Rc8 56. Ra7 Rf8 57. c4 bxc4 58. b5 Bg8 59. Kc3 h4 60. Rg7
h3 61. Rg3 h2 62. Rh3 Bxd5 63. Nxd5+ Ke5 64. Ne3 d5 65. Rh5+ Ke6 66. Rxh2 Rb8
67. Rh6+ Ke5 68. Rh5+ 1-0

[Event "75th Noteboom Open"]
[Site "Leiden NED"]
[Date "2015.02.15"]
[Round "6.2"]
[White "Lai, Hing Ting"]
[Black "Sprenger, Jan Michael"]
[Result "1-0"]
[BlackTitle "IM"]
[WhiteElo "2308"]
[BlackElo "2496"]
[WhiteFideId "1038257"]
[BlackFideId "4646258"]
[EventDate "2015.02.13"]

1. c4 e5 2. g3 Nf6 3. Bg2 Nc6 4. Nc3 Bc5 5. d3 d6 6. Nf3 O-O 7. O-O h6 8. a3 a5
9. h3 Bf5 10. e3 Re8 11. b3 Bh7 12. Bb2 Qd7 13. Qc2 e4 14. dxe4 Nxe4 15. Nxe4
Bxe4 16. Qe2 f5 17. Nh4 Qf7 18. Bxe4 Rxe4 19. Qf3 Rf8 20. g4 g6 21. Kh1 Qe8 22.
Nxg6 Rf7 23. gxf5 Kh7 24. Rg1 a4 25. Nf8+ 1-0

[Event "75th Noteboom Open"]
[Site "Leiden NED"]
[Date "2015.02.15"]
[Round "6.3"]
[White "Peng, Zhaoqin"]
[Black "Ootes, Lars"]
[Result "1-0"]
[WhiteTitle "GM"]
[WhiteElo "2377"]
[BlackElo "2366"]
[WhiteFideId "1004786"]
[BlackFideId "1019708"]
[EventDate "2015.02.13"]

1. d4 g6 2. c4 Nf6 3. Nc3 Bg7 4. e4 d6 5. Bd3 O-O 6. Nge2 c5 7. d5 e6 8. O-O
exd5 9. exd5 Ng4 10. Bc2 Na6 11. a3 Nc7 12. Rb1 b6 13. h3 Ne5 14. b3 f5 15. f4
Nd7 16. Be3 Ba6 17. Bd3 Nf6 18. Bf2 Re8 19. Qc2 Kh8 20. Rfe1 b5 21. cxb5 Bb7 22.
Bc4 Ncxd5 23. Nxd5 Nxd5 24. Bxd5 Bxd5 25. Nc3 Bb7 26. Rxe8+ Qxe8 27. Rd1 Rd8 28.
a4 Qe7 29. Nd5 Qf7 30. Qc4 Re8 31. Ne3 Qf6 32. Qd3 Re6 33. Nd5 Qf7 34. b4 cxb4
35. Nxb4 Be4 36. Qc4 d5 37. Nxd5 Rd6 38. Qc8+ Bf8 39. Bc5 Rxd5 40. Rxd5 Bxd5 41.
Bxf8 Be6 42. Qb8 Bd7 43. Bc5+ Kg7 44. Bxa7 Kh6 45. Bf2 Qc4 46. Qf8+ Kh5 47. Qd6
Be6 48. b6 Bd5 49. Qc7 Qxc7 50. bxc7 Bb7 51. Bc5 h6 52. Kf2 g5 53. Ke3 Kg6 54.
Kd4 Kf7 55. Ke5 Bc8 56. a5 gxf4 57. Bb4 Ke8 58. Kd6 Bb7 59. Bd2 f3 60. gxf3 h5
61. f4 Bc8 62. Kc6 Ke7 63. Bb4+ Ke6 64. h4 Kf6 65. Kb6 Ke6 66. a6 Kd5 1-0